000 00573nam a2200181Ia 4500
008 100917s9999 xx 000 0 und d
082 _b28938
100 _aदेवधर सी. आर.
245 _aस्वप्नवासवदत्त (भास)
260 _bअेन. जी. सरदेसाई
_c1937
300 _a184
365 _b2
520 _aनाटक
630 _aस्वप्नवासवदत्त (भास)
650 _aनाटक
730 _aस्वप्नवासवदत्त (भास)
942 _cBOOK
999 _c634332
_d634329